000 01374nam a22001577a 4500
008 120709t xxu||||| |||| 00| 0 eng d
050 _aQA276.H34
245 _aSenior technical mathematics. /
_cedited by A.H. Heywood
260 _aToronto:
_bMacmillan Company,
_c1960.
300 _axii, 558 p.:
_c24cm.
500 _aIncludes index.
505 _aContents: Algebra: Fundamental operations -- Equations -- Factoring -- Ratio and proportion, variation -- Quadratic surds -- Quadratic surds -- Quadratic equation, surd equations -- Theory of quadratic equations -- Series of progressions -- Indices, logarithms, slide rule: Indices -- Logarithms -- The Slide rule -- Approximate numbers: Approximate numbers -- Mensuration: Perimeters and areas of plane figures -- Areas and volumes of solids -- Trigonometry: Introduction to trigonometry -- Use of tables and identities -- The Right triangle and shop problems -- Trigonometric ratios of any angle -- The Oblique triangle -- Solution of the oblique triangle using logarithms -- Properties of triangles -- Review problems -- Statics: Machines -- Composition and resolution of forces -- Centre of gravity and friction -- Geometry: Practical geometry -- Deductive geometry -- Definitions -- Mathemtical tables -- Answers.
650 _aMathematics
_xProblems, exercises, etc.
700 _aHeywood, A. H.
942 _2lcc
_cBK
999 _c1668
_d9168